Comparación del análisis y diseño estructural de edificios utilizando la inercia equivalente del CSCR10-14 versus la del ACI-318-19

Uloženo v:
Podrobná bibliografie
Hlavní autor: Garita Naranjo, María Gerardina, 1997-
Další autoři: Navas Carro, Alejandro, 1967- Director del TFG
Médium: Kniha
Jazyk:Spanish
Vydáno: 2022 [San José], Costa Rica
Témata:
Tagy: Přidat tag
Žádné tagy, Buďte první, kdo vytvoří štítek k tomuto záznamu!

MARC

LEADER 00000nam a2200000Ia 4500
003 013681
005 20230713140636.0
008 140114s2022 cr a 000 ||spa d
040 |c cru CEDI  
100 |a Garita Naranjo, María Gerardina, 1997-  |9 956 
245 |a Comparación del análisis y diseño estructural de edificios utilizando la inercia equivalente del CSCR10-14 versus la del ACI-318-19 
260 |c  [San José], Costa Rica  |b 2022 
500 |a  Proyecto de graduación (licenciatura en ingeniería civil)--Universidad de Costa Rica. Facultad de Ingeniería. Escuela de Ingeniería Civil 
501 |a Director del Proyecto de Graduación: Ing. Alejandro Navas Carro, MSc 
650 |x ANALISIS ESTRUCTURAL (INGENIERIA)   |x DISEÑO DE ESTRUCTURAS   |x MODELADO - TECNICAS   |x DISEÑO SISMO RESISTENTE  |x MARCOS DE HORMIGON ARMADO  |x EDIFICIOS - CONSTRUCCION   |x MOMENTOS DE INERCIA  
700 |9 142  |a Navas Carro, Alejandro, 1967-  |d Director del TFG 
942 |c CEDI  |h TFG 8832  |6 TFG_8832_000000000000000 
999 |c 12930  |d 12930